Países no Mundo por Idioma - Statistics

Estatísticas Gerais
  • Esse quiz foi jogado 518 vezes
  • A pontuação média é 21 de 30
Estatísticas das Respostas
Imagem Resposta % Correto
Inglês/Francês (Canadá)
94%
Português (Portugal)
94%
Alemão (Alemanha)
90%
Japonês (Japão)
89%
Português (Brasil)
89%
Coreano (Coréia do Sul)
88%
Chinês (China)
87%
Espanhol (Espanha)
86%
Espanhol (México)
86%
Espanhol (Venezuela)
86%
Francês (França)
86%
Ucraniano/Russo (Ucrania)
86%
Coreano (Coréia do Norte)
85%
Finlândes/Sueco (Finlândia)
85%
Grego (Grécia)
85%
Russo (Rússia)
85%
Croata (Croácia)
84%
Inglês (Austrália)
84%
Turco (Turquia)
84%
Espanhol (Equador)
83%
Sueco (Suécia)
83%
Árabe (Egito)
82%
Norueguês (Noruega)
82%
Árabe (Catar)
81%
Espanhol (Cuba)
80%
Romanche/Italiano/Alemão/Francês (Suíça)
80%
Árabe (Líbano)
79%
Espanhol (Panamá)
79%
Português (Angola)
77%
Dinamarquês (Dinamarca)
76%
Alemão (Áustria)
75%
Hebraico (Israel)
74%
Filipino/Inglês (Filipinas)
73%
Francês (Senegal)
73%
Inglês (Jamaica)
71%
Albanês (Albânia)
69%
Francês (Camarões)
69%
Português (Moçambique)
69%
Nepali/Nepalês (Nepal)
67%
Tailandês (Tailândia)
67%
Húngaro (Hungria)
66%
Inglês (Barbados)
66%
Romeno (Romênia)
66%
Luxemburguês/Francês/Alemão (Luxemburgo)
65%
Francês (Mônaco)
64%
Tcheco (República Tcheca)
64%
Inglês (Bahamas)
62%
Espanhol (Honduras)
60%
Malaio (Malásia)
59%
Português (Cabo Verde)
59%
Armênio (Armênia)
58%
Francês (Costa do Marfim)
58%
Alemão (Liechtenstein)
56%
Búlgaro (Bulgária)
56%
Georgiano (Geórgia)
55%
Lituano (Lituânia)
54%
Grego/Turco (Chipre)
51%
Indonésio/Balinês (Indonésia)
51%
Estoniano (Estônia)
49%
Bengali/Bangla (Bangladesh)
45%
Palauense/Inglês (Palau)
44%
Butanês/Dzonga (Butão)
36%
Montenegrino (Montenegro)
30%
Pachto/Dari (Afeganistão)
21%
Cingalês/Tâmil (Sri Lanka)
19%
Quemer (Camboja)
9%
Nenhum quiz correspondente encontrado
Distribuição das Pontuações
Porcentagem de Pessoas com Cada Pontuação
Percentil de Números Respondidos
Sua Pontuação Histórica
Você não jogou esse quiz